مائة طريقة لتحفيز نفسك : (Record no. 15326)
[ view plain ]
| 000 -الفاتح | |
|---|---|
| حقل البيانات ثابتة الطول | 01045nam a22002057a 4500 |
| 008 - عناصر البيانات ثابتة الطول - معلومات عامة | |
| حقل البيانات ثابتة الطول | 110519s2010 su|||||r|||| 000 0 ara d |
| 020 ## - الرقم الدولى المعيارى للكتب | |
| الرقم الدولى المعيارى للكتاب | 9786000209179 |
| 082 ## - رقم تصنيف ديوى العشرى | |
| رقم الطبعة | 22 |
| رقم التصنيف | 158.1 |
| رقم المادة | ت ش ا |
| 100 ## - المدخل الرئيسى - إسم شخصى | |
| 9 (RLIN) | 23931 |
| الإسم الشخصى | تشاندلر، ستيف |
| 245 ## - بيان العنوان | |
| العنوان | مائة طريقة لتحفيز نفسك : |
| بقية العنوان | كيف تكون الشخص الذي تريد: غير حياتك إلى الأبد / |
| بيان المسئوليه,etc | ترجمة مكتبة جرير؛ ستيفن تشاندلر |
| 250 ## - بيان الطبعة | |
| بيان الطبعة | ط 6، منقحة |
| 260 ## - PUBLICATION, DISTRIBUTION, ETC. (IMPRINT) | |
| مكان الناشر او الموزع | الرياض : |
| اسم الناشر او الموزع | مكتبة جرير، 2010 |
| تاريخ النشر أو التوزيع | 2010 |
| 300 ## - الوصف المادى | |
| التعداد | 274 ص ؛ |
| أبعاد الوعاء | 22 سم |
| 500 ## - تبصرة عامة | |
| تبصرة عامة | ترجمة لكتاب: 100 ways to motivate yourself : change your life forever/ Steve Chandler |
| 650 ## - المدخل الاضافى بالموضوع-مصطلح موضوعى | |
| 9 (RLIN) | 23916 |
| مصطلح موضوعي أو اسم جغرافي كعنصر مدخل | النجاح الشخصي |
| 653 ## - مصطلح تكشيفى غير مقيد | |
| Resource For college | |
| Arrived date list | May2011 |
| 710 ## - المدخل الاضافى - اسم هيئه | |
| 9 (RLIN) | 23926 |
| اسم الهيئة أو اسم السلطة كمدخل | مكتبة جرير |
| 942 ## - عناصر المدخل الإضافي( كوها) | |
| مصدر التصنيف او مخطط الترفيف | Dewey Decimal Classification |
| Koha [default] item type | Book - Borrowing |
| حالة التراجع | حالة الفقد | مصدر التصنيف او خطة الترفيف | حالة تلف | ليس للاعارة | مجموعات كوها | المكان الدائم | المكان الحالي | موقع الترفيف | تاريخ الاكتساب | Source of acquisition | سعر الشراء الطبيعي | تعداد مسلسل / التسلسل الزمني | رقم الاستدعاء | الباركود | Date last checked out | Date last seen | مُعار | نوع الوعاء |
|---|---|---|---|---|---|---|---|---|---|---|---|---|---|---|---|---|---|---|
| Dewey Decimal Classification | Diwan | Central Library | Central Library | Lower Floor | 19/05/2011 | 60.00 | 124070 | 158.1 ت ش ا | 000023605 | 17/12/2024 | 11/10/2023 | 11/10/2023 | Book - Borrowing |